Vysoké Tatry Starý Smokovec : Hotel Fučík
| Format: | Photo |
|---|---|
| Language: | Slovak Russian English German |
| PhysicalDescription: | 1 pohľadnica farebná 15 x 11 cm |
| Published: |
Bratislava
Slovenské vydavateľstvo politickej literatúry
1961
|
| Subjects: |
MARC
| LEADER | 00000nkm a2200000 a 4500 | ||
|---|---|---|---|
| 001 | vtls011562233 | ||
| 003 | SK-MaSNL | ||
| 005 | 20260301220503.0 | ||
| 007 | kf co | ||
| 008 | 231214s1961 xo |g||||| |00 kuslo | ||
| 015 | |a SNBG | ||
| 035 | |a urn:nbn:sk:snk-km00bk0l | ||
| 035 | |a urn:nbn:sk:snk-km3lmlc | ||
| 035 | |a 4A0941F4-2719-45FE-A98F-630DBE145AD0 | ||
| 040 | |a SNK |b slo |c SNK |e AACR2 | ||
| 041 | 0 | |a slo |a rus |a eng |a ger | |
| 043 | |a e-xo--- | ||
| 044 | |a xo |c SK | ||
| 080 | |a 908(437.6) |2 2011 | ||
| 080 | |a 640.412 |2 2011 | ||
| 080 | |a (084.121) |2 2011 | ||
| 080 | |a (437.6) |2 2011 | ||
| 245 | 0 | 0 | |a Vysoké Tatry |h grafika |b Starý Smokovec : Hotel Fučík |
| 246 | 3 | 0 | |a Starý Smokovec : Hotel Fučík |
| 246 | 3 | 1 | |a Vysokije Tatry |b Stary Smokovec : Oteľ Fučik |
| 246 | 3 | 1 | |a Hihg Tatras |b Starý Smokovec : Hotel Fučík |
| 246 | 3 | 1 | |a Hohe Tatra |b Starý Smokovec : Hotel Fučík |
| 260 | |a Bratislava |b Slovenské vydavateľstvo politickej literatúry |c 1961 | ||
| 300 | |a 1 pohľadnica |b farebná |c 15 x 11 cm | ||
| 610 | 2 | 7 | |a Hotel Fučík (Starý Smokovec, Slovensko) |2 SNKKA |9 607728 |
| 651 | 7 | |a Vysoké Tatry (Poľsko a Slovensko : pohorie) |2 SNKPHgeo |9 67729 | |
| 651 | 7 | |a Starý Smokovec (Vysoké Tatry, Slovensko) |2 SNKPH |9 160864 | |
| 655 | 7 | |a miestne pohľadnice |2 SNKPH |9 70510 | |
| 852 | |a Slovenská národná knižnica | ||
| 958 | |a GC | ||
| 958 | |a GBN | ||
| 958 | |a OND | ||
| 999 | |c 932002 |d 933932 | ||
| 952 | |a SNK |b SNK |y PREZ |7 0 |p 17A1184091 |o snkSP 14857 |0 0 |1 0 |4 0 |d 2016-06-22 |f 1 |l 0 |r 2026-02-24 08:52:15 |w 2026-02-24 | ||


